F1 2025 drivers sudden death - Statistics

General Stats
  • This quiz has been taken 728 times
    711 since last reset
  • The average score is 13 of 19
Answers on the Grid
Answers color-coded by a green-red scale on the quiz's grid according to % correct below.
Max Verstappen
Felipe Drugovich
Ayumu Iwasa
Yuki Tsunoda
Gabriel Borteleto
Lando Norris
Valtteri Bottas
Daniel Ricciardo
Oliver Bearman
Andrea Kimi Antonelli
Sergio Perez
Fernando Alonso
Jack Doohan
Oscar Piastri
Nico Hulkenberg
Zhou Guanyu
Lewis Hamilton
Logan Sargeant
Esteban Ocon
Liam Lawson
Kevin Magnussen
Charles Leclerc
Isack Hadjar
Paul Aron
Alexander Albon
Jack Crawford
Pierre Gasly
Zane Maloney
Lance Stroll
George Russell
Victor Martins
Richard Verschoor
 
Answer Stats
Answer % Correct
Max Verstappen
98%
Lando Norris
85%
Yuki Tsunoda
84%
Gabriel Borteleto
74%
Lewis Hamilton
70%
Oliver Bearman
69%
Andrea Kimi Antonelli
67%
Oscar Piastri
67%
Fernando Alonso
65%
Charles Leclerc
64%
George Russell
64%
Lance Stroll
63%
Alexander Albon
62%
Liam Lawson
62%
Pierre Gasly
62%
Esteban Ocon
61%
Isack Hadjar
61%
Nico Hulkenberg
61%
Jack Doohan
59%
No matching quizzes found
Score Distribution
Percent of People with Each Score
Percentile by Number Answered
Your Score History
You have not taken this quiz since the last reset